ბათუმის შოთა რუსთაველის სახელმწიფო უნივერსიტეტის ბიბლიოთეკა

რჩეული ნაწერები : 4 ტომად. (ბიბ.ჩანაწერი № 50213)

000 -LEADER
fixed length control field 00955nam a2200241Ia 4500
001 - CONTROL NUMBER
control field 17151
003 - CONTROL NUMBER IDENTIFIER
control field GE_BSU
008 - FIXED-LENGTH DATA ELEMENTS--GENERAL INFORMATION
fixed length control field 181216s||||||||xx |||||||||||||| ||und||
040 ## - CATALOGING SOURCE
Transcribing agency GE_BSU
080 ## - UNIVERSAL DECIMAL CLASSIFICATION NUMBER
Universal Decimal Classification number 37.01
100 ## - MAIN ENTRY--PERSONAL NAME
Personal name გოგებაშვილი, იაკობ
245 ## - TITLE STATEMENT
Title რჩეული ნაწერები : 4 ტომად.
245 ## - TITLE STATEMENT
Statement of responsibility, etc. გ. თავზიშვილის რედაქციით და წინასიტყვაობით.
260 ## - PUBLICATION, DISTRIBUTION, ETC.
Place of publication, distribution, etc. თბილისი
260 ## - PUBLICATION, DISTRIBUTION, ETC.
Name of publisher, distributor, etc. სახელგამი
260 ## - PUBLICATION, DISTRIBUTION, ETC.
Date of publication, distribution, etc. 1940
300 ## - PHYSICAL DESCRIPTION
Extent 556 გვ. : 1 ჩ. ფ. პორტრ.22სმ
300 ## - PHYSICAL DESCRIPTION
Accompanying material დანართი: სახელთა საძიებელი გვ. 548-553.
653 ## - INDEX TERM--UNCONTROLLED
Uncontrolled term პედაგოგიკა
653 ## - INDEX TERM--UNCONTROLLED
Uncontrolled term პედაგოგიური თხზულებანი
653 ## - INDEX TERM--UNCONTROLLED
Uncontrolled term რჩეული ნაწერები
942 ## - ADDED ENTRY ELEMENTS (KOHA)
Koha item type წიგნი
ეგზემპლარები
Withdrawn status Lost status Damaged status Not for loan Date acquired Barcode Date last seen Price effective from Koha item type
        2018-12-17 21729 2018-12-17 2018-12-17 წიგნი
        2018-12-17 21730 2018-12-17 2018-12-17 წიგნი